000 00405nam a22001457a 4500
005 20200604095809.0
008 200604b xxu||||| |||| 00| 0 eng d
082 _a345.4AIR
110 _aThe All India Reporter
_95770
245 _aThe All India Reporter1964 (V-51) ASSAM AND NAGALAND Section
260 _aBOMBAY
_bThe All India Reporter
_c1964
300 _a592p.
650 _aLAW
_95701
942 _cJRL
999 _c6793
_d6791